Cradle to cradle : (Record no. 33822)

MARC details
000 -LEADER
fixed length control field 01335cam a22003254a 4500
001 - CONTROL NUMBER
control field 12468088
003 - CONTROL NUMBER IDENTIFIER
control field OSt
005 - DATE AND TIME OF LATEST TRANSACTION
control field 20220329114646.0
008 - FIXED-LENGTH DATA ELEMENTS--GENERAL INFORMATION
fixed length control field 010713s2002 nyu b 000 0 eng
010 ## - LIBRARY OF CONGRESS CONTROL NUMBER
LC control number 2001044245
020 ## - INTERNATIONAL STANDARD BOOK NUMBER
International Standard Book Number 0865475873 (pbk. : alk. paper)
040 ## - CATALOGING SOURCE
Original cataloging agency DLC
Transcribing agency HU
Modifying agency DLC
042 ## - AUTHENTICATION CODE
Authentication code pcc
050 00 - LIBRARY OF CONGRESS CALL NUMBER
Classification number TD794.5
Item number .M395 2002
082 00 - DEWEY DECIMAL CLASSIFICATION NUMBER
Classification number 745.2 MCD 2002
Edition number 21
100 1# - MAIN ENTRY--PERSONAL NAME
Personal name McDonough, William.
9 (RLIN) 34422
245 10 - TITLE STATEMENT
Title Cradle to cradle :
Remainder of title remaking the way we make things /
Statement of responsibility, etc. William McDonough & Michael Braungart.
250 ## - EDITION STATEMENT
Edition statement 1st ed.
260 ## - PUBLICATION, DISTRIBUTION, ETC.
Place of publication, distribution, etc. New York :
Name of publisher, distributor, etc. North Point Press,
Date of publication, distribution, etc. 2002.
300 ## - PHYSICAL DESCRIPTION
Extent 193 p. ;
Dimensions 21 cm.
504 ## - BIBLIOGRAPHY, ETC. NOTE
Bibliography, etc. note Includes bibliographical references.
650 #0 - SUBJECT ADDED ENTRY--TOPICAL TERM
Topical term or geographic name entry element Recycling (Waste, etc.)
9 (RLIN) 34423
650 #0 - SUBJECT ADDED ENTRY--TOPICAL TERM
Topical term or geographic name entry element Industrial management
General subdivision Environmental aspects.
9 (RLIN) 7876
700 1# - ADDED ENTRY--PERSONAL NAME
Personal name Braungart, Michael,
Dates associated with a name 1958-
9 (RLIN) 34424
856 42 - ELECTRONIC LOCATION AND ACCESS
Materials specified Contributor biographical information
Uniform Resource Identifier <a href="http://www.loc.gov/catdir/bios/hol051/2001044245.html">http://www.loc.gov/catdir/bios/hol051/2001044245.html</a>
856 42 - ELECTRONIC LOCATION AND ACCESS
Materials specified Publisher description
Uniform Resource Identifier <a href="http://www.loc.gov/catdir/description/hol021/2001044245.html">http://www.loc.gov/catdir/description/hol021/2001044245.html</a>
906 ## - LOCAL DATA ELEMENT F, LDF (RLIN)
a 7
b cbc
c orignew
d 1
e ocip
f 20
g y-gencatlg
942 ## - ADDED ENTRY ELEMENTS (KOHA)
Source of classification or shelving scheme Dewey Decimal Classification
Koha item type Books like text book referance book
Suppress in OPAC No
Holdings
Withdrawn status Lost status Source of classification or shelving scheme Damaged status Not for loan Collection code Home library Current library Shelving location Date acquired Total Checkouts Full call number Barcode Date last seen Copy number Price effective from Koha item type
    Dewey Decimal Classification     Non-fiction Wondo Genet Library Wondo Genet Library General Stacks 03/29/2022   745.2 MCD 2002 WGCFNRL00015210 03/29/2022 1 03/29/2022 Books like text book referance book
    Dewey Decimal Classification     Non-fiction Wondo Genet Library Wondo Genet Library General Stacks 03/29/2022   745.2 MCD 2002 WGCFNRL00015211 03/29/2022 2 03/29/2022 Books like text book referance book
    Dewey Decimal Classification     Non-fiction Wondo Genet Library Wondo Genet Library General Stacks 03/29/2022   745.2 MCD 2002 WGCFNRL00015212 03/29/2022 3 03/29/2022 Books like text book referance book